• 首页
  • 本馆介绍
  • 公告通知
  • 最新文献
  • 馆藏检索
  • 电子资源
  • 读者导购
  • 参考咨询
  • 我的图书馆
  • 登录
  • 详细信息显示
  • 放入我的书架
  • 预约/预借图书
  • 作者相关作品
  • 分类相关作品
  • 丛书相关作品
  • 出版社相关作品

书目信息

  • 表格格式
  • 工作单格式
  • 卡片格式
题名:
看守所规范化研究
    
 
作者: 孙皓 著
分册:  
出版信息: 北京   中国人民大学出版社  2016
页数: 275页
开本: 23cm
丛书名: 法学理念·实践·创新丛书
单 册:
中图分类: D631.7
科图分类:
主题词: 看守所--kan shou suo--规范化--研究
电子资源:
ISBN: 978-7-300-22766-5
000 01017nam0 22002531 450
001 1761037479
005 20170619171957.0
010    @a978-7-300-22766-5@dCNY49.80
100    @a20160607d2016 kemy0chiy50 ea
101 0  @achi
102    @aCN@b110000
105    @ay v 000yy
106    @ar
200 1  @a看守所规范化研究@9kan shou suo gui fan hua yan jiu@f孙皓著
210    @a北京@c中国人民大学出版社@d2016
215    @a275页@d23cm
225 2  @a法学理念·实践·创新丛书@9fa xue li nian shi jian chuang xin cong shu
330    @a本书共分7章,绪论先概况介绍了看守所的发展脉络。第一章到第四章阐述了看守所的服务诉讼功能、人权保障功能、教育矫治功能、侦查延伸功能。第五章到第七章阐述了在押人员的权利保障体系、看守所投诉救济机制和看守所的监督机制。最后,分析了看守所发展的五大趋势。
461  0 @12001 @a法学理念·实践·创新丛书
606 0  @a看守所@9kan shou suo@x规范化@x研究
690    @aD631.7@v5
701  0 @a孙皓@9sun hao@c(法学)@4著
801  0 @aCN@b百万庄@c20170619
905    @b1014021-6@dD631.7@e294@f6
    
    看守所规范化研究/孙皓著 .-北京:中国人民大学出版社,2016
    275页;23cm.-(法学理念·实践·创新丛书)
    
    
    ISBN 978-7-300-22766-5:CNY49.80
    本书共分7章,绪论先概况介绍了看守所的发展脉络。第一章到第四章阐述了看守所的服务诉讼功能、人权保障功能、教育矫治功能、侦查延伸功能。第五章到第七章阐述了在押人员的权利保障体系、看守所投诉救济机制和看守所的监督机制。最后,分析了看守所发展的五大趋势。
●
相关链接 在E读中查询图书 在五车中查询图书 在当当中查询图书 在豆瓣中查询图书


正题名:看守所规范化研究     索取号:D631.7/294         预约/预借

序号 登录号 条形码 馆藏地/架位号 状态 备注
1 1014021   210140211   第一样本阅览室/ [索取号:D631.7/294] 在馆    
2 1014022   210140220   教育系资料室/ [索取号:D631.7/294] 在馆    
3 1014023   210140239   教育系资料室/ [索取号:D631.7/294] 在馆    
4 1014024   210140248   教育系资料室/ [索取号:D631.7/294] 在馆    
5 1014025   210140257   第一借阅区/ [索取号:D631.7/294] 在馆    
6 1014026   210140266   第一借阅区/ [索取号:D631.7/294] 在馆    
唐山师范学院图书馆 欢迎您!
大连网信软件有限公司© 版权所有